Managing world heritage site

Αποθηκεύτηκε σε:
Λεπτομέρειες βιβλιογραφικής εγγραφής
Άλλοι συγγραφείς: Leask, Anna (Επιμελητής έκδοσης), Fyall, Alan (Επιμελητής έκδοσης)
Μορφή: Βιβλίο
Γλώσσα:English
Δημοσίευση: Amsterdam; Boston : Elsevier, 2006
Θέματα:
Ετικέτες: Προσθήκη ετικέτας
Δεν υπάρχουν, Καταχωρήστε ετικέτα πρώτοι!

MARC

LEADER 00000nam a2200000 i 4500
001 1/69919
008 080111s2006 eng d
020 |a 978-0-7506-6546-9 
020 |a 0-7506-6546-7 
035 |l 10093544 
040 |a GR-MY-UA  |b gre  |e aacr 
041 0 |a eng 
082 0 |a 363.69  |2 (22) 
245 1 0 |a Managing world heritage site /  |c edied by Anna Leask, Alan Fyall 
260 |a Amsterdam; Boston :   |b Elsevier,   |c 2006 
300 |a xxiv, 294 σ.;  |c 24 εκ. 
504 |a Περιλαμβάνει βιβλιογραφίες και ευρετήριο 
650 0 0 |a World Heritage  |x Management. 
650 0 0 |a Historic sites  |x Management. 
700 1 |a Leask, Anna.  |4 edt 
700 1 |a Fyall, Alan.  |4 edt 
852 |a INST  |b CHIOS  |e 20080111  |h 363.69 MAN  |p 005200027961  |q 005200027961  |t BK  |y 0 
901 |a BIBL2-2008-1 
909 |a Χ  |b 143623 
922 |a 2ΕΛΗ  |b 200712  |c ΕΠΕΑΕΚ2/ΤΔΕ  |d ΕΛΕΥΘΕΡΟΥΔΑΚΗΣ 
970 |a ΑΤΣΑΛΗ  |b ΔΕΣΠΟΙΝΑ  |z 2008/01/11